Economics of the real world

Đã lưu trong:
Bibliografiske detaljer
Hovedforfatter: Donaldson, Peter
Format: Bog
Sprog:Undetermined
Udgivet: London British Broadcasting Corporation and Penguin Books 1973
Fag:
Tags: Tilføj Tag
Ingen Tags, Vær først til at tagge denne postø!
Thư viện lưu trữ: Trung tâm Học liệu Trường Đại học Cần Thơ
LEADER 00507nam a2200181Ia 4500
001 CTU_77475
008 210402s9999 xx 000 0 und d
082 |a 330 
082 |b D676 
100 |a Donaldson, Peter 
245 0 |a Economics of the real world 
245 0 |c Peter Donaldson 
260 |a London 
260 |b British Broadcasting Corporation and Penguin Books 
260 |c 1973 
650 |a Economic policy 
904 |i Trọng Hải 
980 |a Trung tâm Học liệu Trường Đại học Cần Thơ